书目信息 |
| 题名: |
世界上最有魅力的女人
|
|
| 作者: | 卡耐基, , Carnegie, 著 ;伊斐 译 | |
| 分册: | ||
| 出版信息: | 北京 中国民航出版社 2004.10 |
|
| 页数: | 273页 | |
| 开本: | 22cm | |
| 丛书名: | ||
| 单 册: | ||
| 中图分类: | B825-49 | |
| 科图分类: | ||
| 主题词: | 女性--nu^ xing--修养--通俗读物 , 女性--nu^ xing , 修养--xiu yang | |
| 电子资源: | ||
| ISBN: | 7-80110-602-4 | |
| 000 | 01363nam0 2200313 450 | |
| 001 | 012004000000 | |
| 005 | 20061228163423.57 | |
| 010 | @a7-80110-602-4@dCNY19.80 | |
| 100 | @a20041206d2004 em y0chiy0121 ea | |
| 101 | 1 | @achi@ceng |
| 102 | @aCN@b110000 | |
| 105 | @aa z 000yy | |
| 200 | 1 | @a世界上最有魅力的女人@Ashi jie shang zui you mei li de nu^ ren@e卡耐基夫人送给女人的生命化妆@d= The most charming woman in the world@f(美)陶乐丝·卡耐基[Dorothy Carnegie]著@g伊斐译@zeng |
| 210 | @a北京@c中国民航出版社@d2004.10 | |
| 215 | @a273页@c图@d22cm | |
| 314 | @a陶乐丝·卡耐基[Dorothy Carnegie], 女, 20世纪最伟大的人生导师卡耐基的妻子, 著有《成熟让你如此美丽》等。 | |
| 330 | @a本书作者用睿智的情感笔触和精辟的人生感悟道出了女性缔造成熟之爱, 获取人生幸福的真谛, 是一本馈赠女友和妻子的心灵圣经。 | |
| 333 | @a阅读对象: 女性读者 | |
| 510 | 1 | @aThe most charming woman in the world@zeng |
| 517 | 1 | @a卡耐基夫人送给女人的生命化妆@Aka nai ji fu ren song gei nu^ ren de sheng ming hua zhuang |
| 606 | 0 | @a女性@Anu^ xing@x修养@j通俗读物 |
| 606 | 0 | @a女性@Anu^ xing |
| 606 | 0 | @a修养@Axiu yang |
| 690 | @aB825-49@v4 | |
| 701 | 1 | @c(美)@a卡耐基,@Aka nai ji@bD.@g(Carnegie, Dorothy)@c(女)@4著 |
| 701 | 1 | @c(美)@aCarnegie,@bD.@g(Carnegie, Dorothy)@c(女)@4著 |
| 702 | 0 | @a伊斐@Ayi fei@4译 |
| 801 | 0 | @aCN@c20061228 |
| 905 | @a10447@dB825-49@eK070 | |
| 世界上最有魅力的女人:卡耐基夫人送给女人的生命化妆= The most charming woman in the world/(美)陶乐丝·卡耐基[Dorothy Carnegie]著/伊斐译.-北京:中国民航出版社,2004.10 |
| 273页:图;22cm |
| 使用对象:阅读对象: 女性读者 |
| ISBN 7-80110-602-4:CNY19.80 |
| 本书作者用睿智的情感笔触和精辟的人生感悟道出了女性缔造成熟之爱, 获取人生幸福的真谛, 是一本馈赠女友和妻子的心灵圣经。 |
| ● |
| 相关链接 |
|
|
|
正题名:世界上最有魅力的女人
索取号:B825-49/K070
 
预约/预借
| 序号 | 登录号 | 条形码 | 馆藏地/架位号 | 状态 | 备注 |
| 1 | 640195 | 206401954 | 社科库509/509社科库 31排1列3层/ [索取号:B825-49/K070] | 在馆 | |
| 2 | 640196 | 206401963 | 社科库509/509社科库 31排1列3层/ [索取号:B825-49/K070] | 在馆 | |
| 3 | 640197 | 206401972 | 社科库509/509社科库 31排1列3层/ [索取号:B825-49/K070] | 在馆 |